000 00326nam a2200145 4500
999 _c510075
_d510075
008 190723b ||||| |||| 00| 0 eng d
100 _aAshok, T.N.
_97253
245 _aTaxation proposals
260 _c2019
300 _ap.13-15.
650 _aBudget
_97254
773 _aYojana
906 _aTaxation
942 _2ddc
_cAR